Les années des faits marquants aux MTV VMA's - Statistiques

Statistiques générales
  • Ce quiz a été pris 33 fois
  • Le résultat moyen est 14 sur 15
Statistiques - réponses
Par images Réponse % Correct
2003
100%
2011
100%
2001
97%
2007
97%
2009
97%
2009
97%
2010
97%
1999
94%
2015
94%
1994
91%
1995
91%
2013
91%
2000
88%
1991
84%
1984
81%
Aucun quiz correspondant
Distribution des résultats
% des personnes avec chaque résultat
Percentile par nombre de réponses
Votre historique - résultats
Vous n’avez pas pris ce quiz